UBT Library

Mosbys clinical nursing: (Record no. 1631)

000 -LEADER
fixed length control field 00328nam a22001217a 4500
008 - FIXED-LENGTH DATA ELEMENTS--GENERAL INFORMATION
fixed length control field 160427b xxu||||| |||| 00| 0 eng d
020 ## - INTERNATIONAL STANDARD BOOK NUMBER
International Standard Book Number 9780323011952
020 ## - INTERNATIONAL STANDARD BOOK NUMBER
International Standard Book Number 0323011950
041 ## - LANGUAGE CODE
Language code of text/sound track or separate title eng
080 ## - UNIVERSAL DECIMAL CLASSIFICATION NUMBER
Universal Decimal Classification number 618.2
245 ## - TITLE STATEMENT
Title Mosbys clinical nursing:
Statement of responsibility, etc June M. Thompson; Gertrude K. McFarland; Jane E. Hirsch;
942 ## - ADDED ENTRY ELEMENTS (KOHA)
Source of classification or shelving scheme
Item type Books
Holdings
Withdrawn status Lost status Source of classification or shelving scheme Damaged status Not for loan Collection code Permanent location Current location Shelving location Date acquired Total Checkouts Full call number Barcode Date last seen Price effective from Koha item type
          Koleksioni i përgjithshem UBT - Lipjan UBT - Lipjan   10/10/2022   610.73 THOM 002-800028700197 10/10/2022 10/10/2022 Books
          Koleksioni i përgjithshem UBT - Prishtine UBT - Prishtine Koleksioni i përgjithshem 04/27/2016   618.2 THOM 002-027982 12/29/2016 04/27/2016 Books
UBT Library © 2015-2024. All rights reserved University Education for Business and Technology